000 00712nam a22002537a 4500
001 BR9601458
003 BR-BrBNA
005 20230928094937.0
007 ta
008 230509b bl.||||| |||| 00| 0 por d
040 _aBR-BrBNA
_bpor
_cBiblioteca Nacional de Agricultura
041 _a(Por)
072 _aP10
090 _ P10 BR9601458
110 1 _aAssociacao dos Irrigantes do Oeste da Bahia, Barreiras (Brasil)
_9612
245 1 _aLevantamento dos recursos hidricos da Bacia do Rio Grande
260 3 _aBarreiras, BA (Brasil):
_c1991.
300 _a51 p.
650 _aBacia Hidrografica
650 _aRecurso Hidrico
650 _aBahia
909 _a202309
_bLucia
_c55
_dLucia Elande
942 _cBK
999 _c53581
_d53581